00469nam a22001577a 450000500170000000800410001702000180005804100120007608200140008810000120010224500800011425000180019426000420021230000310025465000260028520241121070508.0241121b |||||||| |||| 00| 0 eng d a9780409007220 aEnglish a346.7 NOR lEnglish aNorman's Law of Purchase and Sale in South Africa /cRH Zulman and H Dicks  aSixth Edition aDurban: bLexisNexis (Pty) Ltd,c2005 bxviii, 360 pages; c25 cm. aLegal practice bLaw